Star Trek: Original Series Episodes Quiz Stats

 Plays Quiz Updated Apr 25, 2013

Score 0/80 Timer 10:00
9 Plays Today
Season Episode % Correct
Season TwoThe Trouble with Tribbles
86.5%
Season OneThe Cage (Pilot)
85.6%
Season OneWhere No Man Has Gone Before
83.3%
Season TwoAmok Time
82.6%
Season OneThe Menagerie, Part I
82.3%
Season OneThe Menagerie, Part II
82.3%
Season OneThe City on the Edge of Forever
82%
Season ThreeSpock's Brain
81.9%
Season OneCharlie X
80.7%
Season OneThe Man Trap
79%
Season OneMiri
78.9%
Season OneMudd's Women
78.8%
Season OneThe Naked Time
75.4%
Season ThreeTurnabout Intruder
74.7%
Season TwoI, Mudd
74.7%
Season ThreeFor the World is Hollow and I Have Touched the Sky
74.2%
Season TwoMirror, Mirror
74.1%
Season OneShore Leave
74%
Season OneArena
73.7%
Season OneSpace Seed
73.7%
Season OneOperation - Annihilate!
73%
Season TwoA Piece of the Action
72.9%
Season ThreeThe Enterprise Incident
72.5%
Season OneThe Corbomite Maneuver
72%
Season OneTomorrow is Yesterday
71.2%
Season OneBalance of Terror
70.8%
Season ThreeAll Our Yesterdays
70.6%
Season TwoThe Doomsday Machine
70.4%
Season TwoCatspaw
70.2%
Season TwoThe Apple
70.2%
Season OneThe Devil in the Dark
70.1%
Season OneWhat Are Little Girls Made Of?
69.6%
Season TwoAssignment: Earth
69.4%
Season TwoWho Mourns for Adonais?
69.2%
Season TwoJourney to Babel
69.1%
Season OneThe Squire of Gothos
68.8%
Season OneThe Conscience of the King
68.5%
Season OneThe Galileo Seven
68.4%
Season OneCourt Martial
68.3%
Season TwoBread and Circuses
68%
Season Episode % Correct
Season OneThe Enemy Within
67.7%
Season TwoWolf in the Fold
67.4%
Season OneDagger of the Mind
66.5%
Season OneThis Side of Paradise
66.3%
Season OneThe Return of the Archons
66%
Season ThreeDay of the Dove
65.9%
Season ThreeThe Paradise Syndrome
65.9%
Season ThreeAnd the Children Shall Lead
65.8%
Season TwoThe Ultimate Computer
65.8%
Season TwoThe Changeling
65.7%
Season ThreeThe Tholian Web
65.6%
Season ThreePlato's Stepchildren
65%
Season TwoThe Gamesters of Triskelion
64.9%
Season ThreeSpectre of the Gun
64.7%
Season ThreeThe Cloud Minders
64%
Season OneErrand of Mercy
63.1%
Season TwoThe Omega Glory
62.7%
Season TwoPatterns of Force
62.7%
Season ThreeThe Empath
62.6%
Season ThreeLet That Be Your Last Battlefield
62.3%
Season TwoReturn to Tomorrow
62.3%
Season TwoThe Immunity Syndrome
62.3%
Season TwoA Private Little War
61.9%
Season TwoFriday's Child
61.9%
Season ThreeThe Lights of Zetar
60.9%
Season TwoObsession
60.8%
Season ThreeThe Way to Eden
60.6%
Season ThreeIs There in Truth No Beauty?
60.1%
Season ThreeThe Savage Curtain
59.6%
Season TwoThe Deadly Years
59.6%
Season OneA Taste of Armageddon
59.5%
Season OneThe Alternative Factor
59.4%
Season TwoMetamorphosis
58.7%
Season ThreeElaan of Troyius
58.7%
Season ThreeRequiem for Methuselah
58.5%
Season ThreeWink of an Eye
57.4%
Season ThreeWhom Gods Destroy
56%
Season TwoBy Any Other Name
55.8%
Season ThreeThe Mark of Gideon
53.5%
Season ThreeThat Which Survives
52.3%

You're not logged in!

Compare scores with friends on all Sporcle quizzes.
OR
Log In

Sporcle TV

Today on Sporcle TV


Watch our educational content, quiz creation guides, and fun videos on Sporcle TV.

Show Comments

Extras

Top Quizzes Today


Score Distribution

Your Account Isn't Verified!

In order to create a playlist on Sporcle, you need to verify the email address you used during registration. Go to your Sporcle Settings to finish the process.

Report this User

Report this user for behavior that violates our Community Guidelines.

Details: